000 00927cam a22002773a 4500
001 2836
003 PGUSA
005 20140828083022.0
008 010901s2001||||xxu|||||s|||||000 | eng d
040 _aPGUSA
_beng
042 _adc
050 4 _aE151
050 4 _aE456
100 1 _aStephenson, Nathaniel W.
_q(Nathaniel Wright),
_d1867-1935
245 1 0 _aAbraham Lincoln and the Union :
_bA Chronicle of the Embattled North
_h[electronic resource] /
_cNathaniel W. Stephenson
260 _bProject Gutenberg,
_c2001
500 _aChronicles of America series; v. 29
506 _aPublic domain in the USA.
516 _aElectronic text
653 _aUnited States -- History -- Civil War, 1861-1865
653 _aLincoln, Abraham, 1809-1865
653 _aUnited States -- Politics and government -- 1861-1865
830 0 _aProject Gutenberg
_v2836
856 4 0 _uhttp://www.gutenberg.org/ebooks/2836
942 _cEB
999 _c232168
_d232168